| 000 | 00434nam a2200169Ia 4500 | ||
|---|---|---|---|
| 005 | 20260330112728.0 | ||
| 008 | 260330s9999||||xx |||||||||||||| ||und|| | ||
| 020 | _a9789583318771 | ||
| 041 | _aspa | ||
| 100 | _aVarios | ||
| 245 | 0 |
_aManual De Bogotá / _cVarios |
|
| 250 | _a1 ed. | ||
| 260 |
_aBogota, Colombia : _bColciencias. _c2000 |
||
| 300 | _a123 p. | ||
| 650 | _aCIENCIAS PURAS. CIENCIAS EXACTAS Y NATURALES | ||
| 942 | _cBK | ||
| 999 |
_c2671 _d2671 |
||